| 000 -LEADER | |
|---|---|
| fixed length control field | 00399nam a22001697a 4500 |
| 005 - DATE AND TIME OF LATEST TRANSACTION | |
| control field | 20160623162541.0 |
| 008 - FIXED-LENGTH DATA ELEMENTS--GENERAL INFORMATION | |
| fixed length control field | 160623b xxu||||| |||| 00| 0 eng d |
| 020 ## - INTERNATIONAL STANDARD BOOK NUMBER | |
| ISBN | 81-7656-706-X |
| 041 ## - LANGUAGE CODE | |
| Language code of text/sound track or separate title | eng |
| 082 ## - DEWEY DECIMAL CLASSIFICATION NUMBER | |
| Item number | 9430 |
| 100 ## - MAIN ENTRY--AUTHOR NAME | |
| Personal name | Kanetkar, Yashavant |
| 245 ## - TITLE STATEMENT | |
| Title | Data Structures Throgh "C" |
| 260 ## - PUBLICATION, DISTRIBUTION, ETC. (IMPRINT) | |
| Name of publisher | BPB |
| Year of publication | 2013 |
| 300 ## - PHYSICAL DESCRIPTION | |
| Number of Pages | 640 |
| 650 ## - SUBJECT ADDED ENTRY--TOPICAL TERM | |
| Topical Term | Information Technology |
| 942 ## - ADDED ENTRY ELEMENTS (KOHA) | |
| Koha item type | Books |
| Lost status | Damaged status | Collection code | Home library | Current library | Shelving location | Date acquired | Cost, normal purchase price | Full call number | Accession Number | Koha item type |
|---|---|---|---|---|---|---|---|---|---|---|
| CS/IT | JRU Library | JRU Library | SHELF-55-D | 23/06/2016 | 248.00 | 005.73 | 9430 | Books | ||
| CS/IT | JRU Library | JRU Library | SHELF-55-D | 23/06/2016 | 248.00 | 005.73 | 9431 | Books | ||
| CS/IT | JRU Library | JRU Library | SHELF-55-D | 23/06/2016 | 248.00 | 005.73 | 9432 | Books | ||
| CS/IT | JRU Library | JRU Library | SHELF-55-D | 23/06/2016 | 248.00 | 005.73 | 9433 | Books | ||
| CS/IT | JRU Library | JRU Library | SHELF-53-B | 23/06/2016 | 248.00 | 9430 | 9434 | Books |